ბათუმის შოთა რუსთაველის სახელმწიფო უნივერსიტეტის ბიბლიოთეკა

სამართალი და მსოფლიო. #9. 2018 (ბიბ.ჩანაწერი № 56260)

000 -LEADER
fixed length control field 00815nam a2200205Ia 4500
001 - CONTROL NUMBER
control field 23362
003 - CONTROL NUMBER IDENTIFIER
control field GE_BSU
008 - FIXED-LENGTH DATA ELEMENTS--GENERAL INFORMATION
fixed length control field 181216s||||||||xx |||||||||||||| ||und||
040 ## - CATALOGING SOURCE
Transcribing agency GE_BSU
245 ## - TITLE STATEMENT
Title სამართალი და მსოფლიო. #9. 2018
245 ## - TITLE STATEMENT
Remainder of title საერთაშორისო სამეცნიერო ჟურნალი
245 ## - TITLE STATEMENT
Statement of responsibility, etc. მთავ.რედ. ზ. ჭყონია
260 ## - PUBLICATION, DISTRIBUTION, ETC.
Place of publication, distribution, etc. თბილისი
260 ## - PUBLICATION, DISTRIBUTION, ETC.
Name of publisher, distributor, etc. გამომცემლობა "დანი
300 ## - PHYSICAL DESCRIPTION
Extent 154გვ. 29სმ.
653 ## - INDEX TERM--UNCONTROLLED
Uncontrolled term პერიოდიკა
653 ## - INDEX TERM--UNCONTROLLED
Uncontrolled term საერთაშორისო სამეცნიერო ჟურნალი
653 ## - INDEX TERM--UNCONTROLLED
Uncontrolled term სამართალი და მსოფლიო. #9. 2018
942 ## - ADDED ENTRY ELEMENTS (KOHA)
Koha item type პერიოდიკა
ეგზემპლარები
Withdrawn status Lost status Damaged status Not for loan Date acquired Barcode Date last seen Price effective from Koha item type
        2018-12-17 P79647 2018-12-17 2018-12-17 პერიოდიკა